| 000 | 00738nam a2200253 a 4500 | ||
|---|---|---|---|
| 001 | 11787 | ||
| 003 | BD-RjUL | ||
| 005 | 20211208235201.0 | ||
| 008 | 140127s1978 nyua b 001 0 eng | ||
| 020 | _a0471752452 : | ||
| 035 | _a(BD-RjUL)11836 | ||
| 040 |
_aDLC _cDLC _dDLC _dBD-RjUL _beng |
||
| 041 | _aeng | ||
| 082 | 0 | 0 |
_a552.5 _bFRP 1978 _223 |
| 100 | 1 |
_aFriedman, Gerald M. _936502 |
|
| 245 | 1 | 0 |
_aPrinciples of sedimentology / _cGerald M. Friedman and John E. Sanders. |
| 260 |
_aNew York : _bWiley, _cc1978. |
||
| 300 |
_axiii, 792 p. : _bill. ; _c29 cm. |
||
| 504 | _aInclude Bibliography and index. | ||
| 650 | 0 |
_aSedimentology. _932438 |
|
| 700 | 1 |
_aSanders, John Essington _936503 |
|
| 942 |
_2ddc _cBK |
||
| 999 |
_c11787 _d11787 |
||